Sale of Goods Act, 19130 (Record no. 28916)

MARC details
000 -LEADER
fixed length control field 00333nam a2200145Ia 4500
008 - FIXED-LENGTH DATA ELEMENTS--GENERAL INFORMATION
fixed length control field 230718s9999 xx 000 0 und d
041 ## - LANGUAGE CODE
-- Eng.
082 ## - DEWEY DECIMAL CLASSIFICATION NUMBER
Classification number 338.521
Item number 181-S
100 ## - MAIN ENTRY--AUTHOR
Author Name 181 2L,16 Tue
245 #0 - TITLE STATEMENT
Title Sale of Goods Act, 19130
260 ## - PUBLICATION, DISTRIBUTION, ETC.
Place of Publication Pakistan
Name of publisher, distributor, etc. bed Gouge
Date of publication, distribution, etc. 1978
300 ## - PHYSICAL DESCRIPTION
Pages 280
650 ## - SUBJECT ADDED ENTRY--TOPICAL TERM
Subject / Department Law
952 ## - LOCATION AND ITEM INFORMATION (KOHA)
-- 0
-- 0
Holdings
Lost status Damaged status Permanent Location Current Location Date acquired Full Call Number Accession No./Barcode Date last seen item type
    Superior Information Resource Center (SIRC) Superior University-Law Campus Superior Information Resource Center (SIRC) Superior University-Law Campus 07/18/2023 338.521 181-S 23867 07/18/2023 BOOK

Powered by Koha